World economic outlook October 2008 : (Record no. 11796)
[ view plain ]
| 000 -LEADER | |
|---|---|
| fixed length control field | 01097cam a2200277 a 4500 |
| 001 - CONTROL NUMBER | |
| control field | 1871307 |
| 005 - DATE AND TIME OF LATEST TRANSACTION | |
| control field | 19940323143330.8 |
| 008 - FIXED-LENGTH DATA ELEMENTS--GENERAL INFORMATION | |
| fixed length control field | 821122s1981 ohu s 000 0 eng |
| 010 ## - LIBRARY OF CONGRESS CONTROL NUMBER | |
| LC control number | 82207089 |
| 020 ## - INTERNATIONAL STANDARD BOOK NUMBER | |
| International Standard Book Number | 9781589067585 |
| 040 ## - CATALOGING SOURCE | |
| Original cataloging agency | DLC |
| Transcribing agency | DLC |
| Modifying agency | DLC |
| 050 00 - LIBRARY OF CONGRESS CALL NUMBER | |
| Classification number | HC59 |
| Item number | .W648 1981 |
| 082 00 - DEWEY DECIMAL CLASSIFICATION NUMBER | |
| Classification number | 338.5443 |
| Edition number | 19 |
| 245 00 - TITLE STATEMENT | |
| Title | World economic outlook October 2008 : |
| Statement of responsibility, etc | International Monetary Fund. |
| Remainder of title | Financial Stress,Downturns, and Recoveries / |
| 260 ## - PUBLICATION, DISTRIBUTION, ETC. (IMPRINT) | |
| Place of publication, distribution, etc | Cleveland, Ohio (200 University Circle Research Center, 11001 Cedar Ave., Cleveland 44106) : |
| Name of publisher, distributor, etc | Predicasts, |
| Date of publication, distribution, etc | 1981. |
| 300 ## - PHYSICAL DESCRIPTION | |
| Extent | v. ; |
| Dimensions | 30 cm. |
| 490 1# - Series Statement | |
| Series statement | Industry study ; |
| Volume/sequential designation | 247-248 |
| 505 0# - FORMATTED CONTENTS NOTE | |
| Formatted contents note | Pt. 1. Developed regions -- pt. 2. Developing regions. |
| 650 #0 - SUBJECT ADDED ENTRY--TOPICAL TERM | |
| Topical term or geographic name as entry element | Economic forecasting. |
| 9 (RLIN) | 6026 |
| 650 #0 - SUBJECT ADDED ENTRY--TOPICAL TERM | |
| Topical term or geographic name as entry element | Economic history |
| Chronological subdivision | 1971-1990. |
| 9 (RLIN) | 6027 |
| 650 #0 - SUBJECT ADDED ENTRY--TOPICAL TERM | |
| Topical term or geographic name as entry element | Economic history |
| Chronological subdivision | 1945-1971. |
| 9 (RLIN) | 6028 |
| 700 1# - ADDED ENTRY--PERSONAL NAME | |
| Personal name | Swift, T. Kevin. |
| 9 (RLIN) | 6029 |
| 710 2# - ADDED ENTRY--CORPORATE NAME | |
| Corporate name or jurisdiction name as entry element | Predicasts, inc. |
| 9 (RLIN) | 6030 |
| 942 ## - ADDED ENTRY ELEMENTS (KOHA) | |
| Source of classification or shelving scheme | Dewey Decimal Classification |
| Item type | Book - Borrowing |
| Withdrawn status | Item status | Source of classification or shelving scheme | Damaged status | Not for loan | Vendor | Home library | Current library | Shelving location | Date acquired | Source of acquisition | Cost, normal purchase price | Serial Enumeration / chronology | Total Checkouts | Full call number | Barcode | Date last seen | Koha item type |
|---|---|---|---|---|---|---|---|---|---|---|---|---|---|---|---|---|---|
| Dewey Decimal Classification | MERIC | Central Library | Central Library | First floor | 10/06/2009 | 471.00 | 91003 | 338.5443WOR | 000016676 | 15/07/2025 | Book - Borrowing |